| 000 | 00535 a2200205 4500 | ||
|---|---|---|---|
| 005 | 20260210110043.0 | ||
| 008 | 260209b |||||||| |||| 00| 0 eng d | ||
| 020 |
_a9781635491203 _c$ 140.00 |
||
| 040 | _aMAIN | ||
| 082 |
_a639.2 _bW654F |
||
| 100 | _aWilkinson, Clavin, ed. | ||
| 245 | _aFisheries management | ||
| 260 |
_b Larsen and Keller Education _c2017 _aNew York |
||
| 300 | _aviii, 239 | ||
| 650 | _aZoology | ||
| 650 | _aFisheries | ||
| 650 | _aFishery Management | ||
| 650 | _aFishing Techniques | ||
| 942 | _cBK | ||
| 999 |
_c395071 _d395071 |
||